|
|
|
|
| LEADER |
00000nam a2200000 a 4500 |
| 001 |
vtls011919253 |
| 003 |
SK-MaSNL |
| 005 |
20260301225405.0 |
| 008 |
251112s1524 gw f 010 0 lat |
| 015 |
|
|
|a SNBHFA1524
|
| 040 |
|
|
|a SNKHF
|b slo
|c SNK
|e AACR2
|
| 041 |
0 |
|
|a lat
|
| 044 |
|
|
|a sz
|c CH
|
| 072 |
|
7 |
|a 2-23/-27
|x Biblia. Biblistika
|2 konspekt
|
| 080 |
|
|
|a 2‑21
|2 2011
|
| 080 |
|
|
|a 27‑272
|2 2011
|
| 080 |
|
|
|a 27‑277
|2 2011
|
| 100 |
0 |
|
|a Erazmus Rotterdamský,
|d asi 1466-1536
|4 aut
|4 dto
|9 21683
|
| 245 |
1 |
3 |
|a In Acta Apostolorvm Paraphrasis Erasmi Roterodami, nunc primum recens & nata & excusa
|
| 260 |
|
|
|a Basileae
|b in officina Io. Frobenij
|
| 300 |
|
|
|a [11], 122 strán
|c 2°
|
| 500 |
|
|
|a Signety, vlysy, iniciálky s ornamentálnym a figurálnym pozadím v rámčeku na 3 - 9 riadkov
|
| 501 |
|
|
|a Príväzok 1. k: ERASMUS, Desiderius. Tomvs Secvndvs Continens Paraphrasim Desiderii Erasmi Roterodam. Basileae: Ioan. Frob., 1523.
|5 SNK IB 73947
|
| 504 |
|
|
|a Marginálie, kustody
|
| 508 |
|
|
|a Dedikácia: Erasmus, Desiderius; Klement VII. - pápež
|
| 510 |
4 |
|
|a VD 16 E/3353
|
| 546 |
|
|
|a Latinčina
|b Antiqua
|b Kurzíva
|
| 561 |
|
|
|a Z knižnice františkánov Bratislava.
|5 SNK IB 73947/prív.1
|
| 562 |
|
|
|a Rukopisné marginálie v latinčine.
|5 SNK IB 73947/prív.1
|
| 630 |
0 |
7 |
|a Biblia
|p Skutky apoštolov
|2 SNKPH
|9 163257
|
| 650 |
0 |
7 |
|a biblistika
|2 SNKPH
|9 1798
|
| 650 |
0 |
7 |
|a náboženstvo
|2 SNKPH
|9 2023
|
| 650 |
0 |
7 |
|a biblická interpretácia
|2 SNKPH
|9 68298
|
| 655 |
|
7 |
|a komentáre
|2 SNKPH
|9 70412
|
| 700 |
1 |
|
|a Froben, Johann,
|d 1460-1527
|4 prt
|9 52407
|
| 700 |
0 |
|
|a Klement
|b VII.,
|c pápež,
|d 1478-1534
|4 hnr
|9 180248
|
| 710 |
0 |
|
|a Froben, Johann (Bazilej, Švajčiarsko),
|d 1491-1527
|4 prt
|9 52408
|
| 710 |
1 |
|
|a Františkáni (Bratislava, Slovensko)
|4 fmo
|9 281881
|
| 752 |
|
|
|a Švajčiarsko
|d Bazilej
|
| 852 |
|
|
|a snk
|b Františkáni Bratislava
|p IB 73947/prív.1
|
| 958 |
|
|
|a DA
|
| 999 |
|
|
|c 950714
|d 952644
|
| 952 |
|
|
|t Fr Ba 13 198
|a SNK
|b SNK
|c SNK_HF
|y PREZ
|7 0
|p 17A1357685
|o snkIB 73947/prív.1
|i snk2020/4290
|8 5
|z 1. príväzok ; ; 5. časť: ; SNK IB 73850/5
|0 0
|1 0
|4 0
|d 2020-02-21
|l 0
|r 2026-02-24 09:47:19
|w 2026-02-24
|